000 00888nam a2200277 a 4500
001 58285
003 BD-RJUL
005 20211209080614.0
008 161217r19761975enk b 001 0 eng
020 _a0333199804
020 _a0333199812
035 _a(BD-RjUL)58409
040 _aDLC
_cDLC
_dm.c
_dEQO
082 _a320.6
_223
_bHEC 1976
100 1 _aHeidenheimer, Arnold J.
_9173125
245 1 0 _aComparative public policy :
_bthe politics of social choice in Europe and America /
_cArnold J. Heidenheimer, Hugh Heclo, Carolyn Teich Adams
260 _aLondon :
_bMacmillan,
_c1976, c1975
300 _a296 p. ;
_c24 cm
504 _aIncludes bibliographical references and indexes
650 _aPolitical policy
_9171953
700 1 _aHeclo, Hugh.
_9173128
700 1 _aAdams, Carolyn Teich.
_9173129
942 _2ddc
_cBK
999 _c58285
_d58285